000 00494nam a2200205Ia 4500
003 OSt
005 20220926044539.0
006 a|||||r|||| 00| 0
007 ta
008 220923b |||||||| |||| 00| 0 eng d
037 _cGeneral Book
040 _aRTL
_cRTL
_beng
041 _2eng
_aeng
082 _aX::3:N3, G8
100 _aMacmillan H
_9349150
245 0 _aMiddle Way
260 _c1938
942 _hX::3:N3, G8
_cGB
_2CC
999 _c675155
_d675155